[Event "O pohar mesta Ricany 2016"]
[Site "Kulturni centrum Labut, 17. Listopadu 214 25101 Ricany"]
[Date "2016.08.30"]
[Round "5.20"]
[White "Simak, Roman"]
[Black "Lhotsky, Zdenek"]
[Result "1/2-1/2"]
[WhiteElo "1650"]
[BlackElo "1853"]
[PlyCount "0"]
[EventDate "2016.08.30"]

1. d4 Nf6 2. c4 e6 3. Nc3 Bb4 4. Qc2 O-O 5. Bg5 b6 6. a3 Bxc3+ 7. Qxc3 Bb7
8. Nf3 d6 9. e3 Nbd7 10. Be2 c5 11. O-O Ne4 12. Bxd8 Nxc3 13. bxc3 Rfxd8 14. Nd2
Nf6 15. Rac1 Rac8 16. Rfd1 Rc7 17. Bd3 Rdc8 18. e4 cxd4 19. cxd4 Ba6 20. e5 dxe5
21. dxe5 Nd7 22. f4 b5 23. Ne4 Rc6 24. Nd6 R8c7 25. Ne8 Rc8 26. Nd6 1/2-1/2

[Event "O pohar mesta Ricany 2016"]
[Site "Kulturni centrum Labut, 17. Listopadu 214 25101 Ricany"]
[Date "2016.08.30"]
[Round "5.21"]
[White "Pivonka, Michael"]
[Black "Havelka, Petr"]
[Result "1/2-1/2"]
[WhiteElo "1692"]
[BlackElo "1827"]
[PlyCount "0"]
[EventDate "2016.08.30"]

1. d4 d5 2. c4 e6 3. Nc3 Nf6 4. cxd5 exd5 5. Bg5 Be7 6. e3 O-O 7. Qc2 c6 8. Bd3
h6 9. Bh4 Be6 10. Nge2 Nh5 11. Bxe7 Qxe7 12. O-O Nd7 13. Rad1 Nb6 14. f3 Qg5
15. f4 Qe7 16. f5 Bd7 17. Rf3 Nf6 18. Ng3 Rae8 19. Rdf1 Qd6 20. Nce2 Bc8 21. h3
Re7 22. e4 dxe4 23. Nxe4 Nxe4 24. Bxe4 Rfe8 25. Bd3 Nd5 26. R1f2 Nb4 27. Qb3
Nxd3 28. Qxd3 Qb4 29. Nc3 Re1+ 30. Kh2 Qd6+ 31. g3 b6 32. Qd2 Ra1 33. Rf1 Rxf1
34. Rxf1 Ba6 35. Rf4 Bc4 36. Rg4 Bd5 37. Qf2 Kh7 38. Rf4 Qf6 39. h4 1/2-1/2

[Event "O pohar mesta Ricany 2016"]
[Site "Kulturni centrum Labut, 17. Listopadu 214 25101 Ricany"]
[Date "2016.08.30"]
[Round "5.22"]
[White "Paulovic, Milan"]
[Black "Hlavacek, Ondrej"]
[Result "1-0"]
[WhiteElo "1821"]
[BlackElo "1591"]
[PlyCount "0"]
[EventDate "2016.08.30"]

1. c4 c5 2. Nc3 Nc6 3. g3 g6 4. b3 Bg7 5. Bb2 b6 6. Bg2 Bb7 7. f4 f5 8. Nf3 Nf6
9. e3 O-O 10. O-O e6 11. Re1 Rb8 12. Rb1 d5 13. d4 dxc4 14. bxc4 Ne4 15. Nxe4
fxe4 16. Ng5 Re8 17. Bxe4 cxd4 18. Qf3 Na5 19. Rbd1 Qc7 20. Bxd4 h6 21. Bxg7
Kxg7 22. Bxb7 Rxb7 23. Ne4 Rd8 24. Qg2 Rxd1 25. Rxd1 Qc6 26. Qb2+ Kg8 27. Rd8+
1-0

[Event "O pohar mesta Ricany 2016"]
[Site "Kulturni centrum Labut, 17. Listopadu 214 25101 Ricany"]
[Date "2016.08.30"]
[Round "5.23"]
[White "Sadil, Jan"]
[Black "Jirousek, Tadeas"]
[Result "1/2-1/2"]
[WhiteElo "1798"]
[BlackElo "1577"]
[PlyCount "0"]
[EventDate "2016.08.30"]

1. d4 e6 2. c4 d5 3. cxd5 exd5 4. Nc3 f5 5. Nf3 Nf6 6. Bg5 c6 7. e3 Bd6 8. Bd3
O-O 9. Qc2 Qd7 10. O-O Ne4 11. Rab1 Nxg5 12. Nxg5 Qe8 13. Nf3 Rf6 14. b4 Rh6
15. h3 Qg6 16. Kh1 Qh5 17. Ne2 Nd7 18. b5 cxb5 19. Bxf5 Nb6 20. Bxc8 Rxc8
21. Qb3 Rf8 22. Ng3 Bxg3 23. fxg3 a6 24. Qb4 Rhf6 25. Kg1 Qg6 26. g4 Qe4
27. Rbe1 Nc4 28. Qc3 Rc6 29. Qb3 Rcf6 30. Qc3 Rc6 31. Qb3 Rcf6 1/2-1/2

[Event "O pohar mesta Ricany 2016"]
[Site "Kulturni centrum Labut, 17. Listopadu 214 25101 Ricany"]
[Date "2016.08.30"]
[Round "5.24"]
[White "Novotna, Tereza"]
[Black "Maslo, Ondrej"]
[Result "1/2-1/2"]
[WhiteElo "1566"]
[BlackElo "1750"]
[PlyCount "0"]
[EventDate "2016.08.30"]

1. d4 d5 2. c4 c6 3. Nf3 Bf5 4. Nc3 e6 5. e3 Nf6 6. Be2 Nbd7 7. O-O Bd6 8. b3
Qe7 9. Bd3 Ne4 10. Qc2 Ndf6 11. Bb2 O-O-O 12. cxd5 exd5 13. Nb5 Kb8 14. Nxd6
Qxd6 15. Ne5 Bg6 16. a4 Nd7 17. Nxd7+ Rxd7 18. Ba3 Qe6 19. Rfc1 Nd6 20. Bxd6+
Qxd6 21. Qc3 Bxd3 22. Qxd3 h5 23. Rab1 Qb4 24. Qc3 Qxc3 25. Rxc3 Rc7 26. Kf1
Rhc8 27. b4 a6 28. Ke2 Re7 29. Rbc1 Rcc7 30. g3 g5 31. h3 f5 32. Kd2 g4 33. h4
Kc8 34. Rc5 Re6 35. b5 b6 36. R5c3 axb5 37. axb5 Kb7 38. Kd1 Rd6 39. Kd2 c5
40. dxc5 bxc5 41. Rxc5 Rxc5 42. Rxc5 Kb6 43. Rc8 Kxb5 44. Rh8 d4 45. Rxh5 Rd5
46. e4 Rd8 47. Rxf5+ Kc4 48. h5 Ra8 49. Rf6 Ra2+ 50. Kc1 Ra1+ 51. Kb2 Rh1 52. h6
d3 53. Rd6 Rh2 54. e5 Rxf2+ 55. Kc1 Rh2 56. e6 Rxh6 57. e7 d2+ 58. Kd1 Rxd6
59. e8=Q Rd4 60. Qc6+ Kd3 61. Qg6+ Kc4 62. Qc2+ Kd5 63. Qf5+ Kc4 64. Qc8+ Kd5
65. Qd7+ Kc5 66. Qf5+ Kc4 67. Qe6+ Kc5 68. Qb3 Kc6 69. Qb2 Kd5 70. Qb5+ Ke4
71. Qe2+ Kd5 72. Qb5+ 1/2-1/2

[Event "O pohar mesta Ricany 2016"]
[Site "Kulturni centrum Labut, 17. Listopadu 214 25101 Ricany"]
[Date "2016.08.30"]
[Round "5.25"]
[White "Benes, Karel"]
[Black "Palla, Ivan"]
[Result "1-0"]
[WhiteElo "1713"]
[BlackElo "1553"]
[PlyCount "0"]
[EventDate "2016.08.30"]

1. e4 c5 2. Nf3 Nc6 3. d4 cxd4 4. Nxd4 e6 5. Be3 Nf6 6. Nc3 Bb4 7. f3 O-O
8. Qd2 Qa5 9. Nb3 Qd8 10. a3 Be7 11. Be2 d5 12. O-O-O dxe4 13. Qxd8 Nxd8
14. fxe4 Nc6 15. g4 Ne5 16. h3 b6 17. g5 Nfd7 18. h4 Bb7 19. Rhg1 Rac8 20. h5
Bxa3 21. Kb1 Bc5 22. Nxc5 Nxc5 23. Bf4 Nc6 24. g6 fxg6 25. Bd6 Rf7 26. hxg6 hxg6
27. Rxg6 Nd8 28. Rdg1 Kh7 29. Be5 Nxe4 30. Bxg7 Nxc3+ 31. Bxc3 1-0

[Event "O pohar mesta Ricany 2016"]
[Site "Kulturni centrum Labut, 17. Listopadu 214 25101 Ricany"]
[Date "2016.08.30"]
[Round "5.26"]
[White "Civin, Dominik"]
[Black "Vorackova, Jarmila"]
[Result "1/2-1/2"]
[WhiteElo "1777"]
[BlackElo "1878"]
[PlyCount "0"]
[EventDate "2016.08.30"]

1. c4 Nf6 2. g3 e5 3. Bg2 c6 4. Nc3 d6 5. e4 Be6 6. d3 Nbd7 7. f4 g6 8. Nge2
Bg7 9. O-O Bg4 10. h3 Bxe2 11. Qxe2 O-O 12. f5 a6 13. g4 h6 14. h4 Nh7 15. Rf3
g5 16. hxg5 Nxg5 17. Bxg5 Qxg5 18. Rh3 Nf6 19. Bf3 h5 20. Rg3 h4 21. Rh3 Nh5
22. Qf2 Bf6 23. Ne2 Nf4 24. Nxf4 Qxf4 25. Kh1 Kg7 26. Rg1 c5 27. g5 Bxg5 28. Rg4
Qc1+ 29. Kg2 Kf6 30. Rh1 h3+ 31. Kh2 Bf4+ 32. Kxh3 Rh8+ 33. Rh4 Qd2 34. Qxd2
Bxd2 35. Kg2 Rxh4 36. Rxh4 Rg8+ 37. Kf2 Bf4 38. Rh3 Rg7 39. Rh8 Bg3+ 40. Kf1 Kg5
41. Rd8 Kf4 42. Bg2 Ke3 43. Rxd6 1/2-1/2

[Event "O pohar mesta Ricany 2016"]
[Site "Kulturni centrum Labut, 17. Listopadu 214 25101 Ricany"]
[Date "2016.08.30"]
[Round "5.27"]
[White "Kucera, Josef"]
[Black "Stork, Rostislav"]
[Result "0-1"]
[WhiteElo "1716"]
[BlackElo "1779"]
[PlyCount "0"]
[EventDate "2016.08.30"]

1. Nf3 Nf6 2. g3 g6 3. Bg2 Bg7 4. O-O O-O 5. d3 Nc6 6. e4 e5 7. c3 d6 8. b4 h6
9. Bb2 Nh5 10. b5 Ne7 11. Nh4 Bd7 12. a4 Qc8 13. d4 Bh3 14. f4 exf4 15. gxf4 Kh7
16. Nd2 Bxg2 17. Kxg2 Bf6 18. Nf5 Nxf5 19. exf5 Qxf5 20. Rc1 Nxf4+ 21. Kh1 Qd5+
22. Qf3 Qxf3+ 23. Rxf3 g5 24. Ne4 Bg7 25. Rcf1 f6 26. Bc1 Rae8 27. Ng3 Ne2
28. Nh5 Nxc1 29. Rxc1 Kg6 30. Ng3 f5 31. h4 f4 0-1

[Event "O pohar mesta Ricany 2016"]
[Site "Kulturni centrum Labut, 17. Listopadu 214 25101 Ricany"]
[Date "2016.08.30"]
[Round "5.28"]
[White "Skrabanek, Matej"]
[Black "Kuhnmund, Ivan"]
[Result "1-0"]
[WhiteElo "1680"]
[BlackElo "1709"]
[PlyCount "0"]
[EventDate "2016.08.30"]

1. e4 c5 2. Nf3 d6 3. d4 cxd4 4. Nxd4 Nf6 5. Nc3 e5 6. Ndb5 a6 7. Na3 b5 8. Nd5
Nxe4 9. Qf3 Nc5 10. Be3 e4 11. Qf4 Bb7 12. O-O-O Bxd5 13. Rxd5 Qf6 14. Rf5 Qe6
15. Bxc5 Nd7 16. Be3 g6 17. Rxf7 Bh6 18. Qxh6 Qxf7 19. Kb1 d5 20. Bd4 Rg8
21. Bxb5 axb5 22. Nxb5 Kd8 23. Qg5+ Nf6 24. Bxf6+ Kd7 25. Rd1 Kc6 26. Nc3 Ra5
27. Bd8 Rc5 28. Be7 Rxc3 29. bxc3 h6 30. Qf6+ Qxf6 31. Bxf6 1-0

[Event "O pohar mesta Ricany 2016"]
[Site "Kulturni centrum Labut, 17. Listopadu 214 25101 Ricany"]
[Date "2016.08.30"]
[Round "5.29"]
[White "Chromovsky, Hynek"]
[Black "Hejsek, Lukas"]
[Result "0-1"]
[WhiteElo "1724"]
[BlackElo "1668"]
[PlyCount "0"]
[EventDate "2016.08.30"]

1. c4 e5 2. Nc3 Bb4 3. g3 Bxc3 4. dxc3 Nc6 5. Bg2 f5 6. e4 fxe4 7. Bxe4 Nf6
8. Bg5 O-O 9. Qd3 h6 10. Bd5+ Kh8 11. h4 d6 12. O-O-O Ne7 13. Ne2 Ng4 14. f4 Nf2
15. Qd2 Nxd1 16. fxe5 Ne3 17. Qxe3 Nxd5 18. cxd5 hxg5 19. hxg5+ Kg8 20. g6 Qe7
21. e6 Rf5 22. Nf4 Re5 23. Qd2 Qg5 24. Qh2 Qh6 25. Qg2 Qg5 26. Rh5 Qg4 27. Rh8+
Kxh8 28. Qh2+ Rh5 29. Nxh5 Qxg6 30. Nf4+ Qh6 31. Qg2 b6 32. Qe4 Ba6 33. e7 Bb5
34. Kd1 Bd7 35. Ng6+ 0-1

[Event "O pohar mesta Ricany 2016"]
[Site "Kulturni centrum Labut, 17. Listopadu 214 25101 Ricany"]
[Date "2016.08.31"]
[Round "6.1"]
[White "Kulhanek, Tomas"]
[Black "Krejci, Jan"]
[Result "0-1"]
[WhiteElo "2364"]
[BlackElo "2496"]
[PlyCount "0"]
[EventDate "2016.08.31"]

1. e4 {[%clk 1:30:57]} e5 {[%clk 1:30:54]} 2. Nc3 {[%clk 1:31:13]} Nf6
{[%clk 1:31:17]} 3. Bc4 {[%clk 1:31:20]} Nc6 {[%clk 1:29:51]} 4. d3
{[%clk 1:31:28]} Bb4 {[%clk 1:27:40]} 5. Nge2 {[%clk 1:30:58]} d5
{[%clk 1:26:34]} 6. exd5 {[%clk 1:31:14]} Nxd5 {[%clk 1:26:57]} 7. O-O
{[%clk 1:30:35]} Be6 {[%clk 1:26:04]} 8. Ne4 {[%clk 1:23:25]} Be7
{[%clk 1:20:48]} 9. Bb3 {[%clk 1:16:00]} f5 {[%clk 1:17:30]} 10. N4c3
{[%clk 1:14:17]} Nxc3 {[%clk 1:17:16]} 11. bxc3 {[%clk 1:14:00]} Qd7
{[%clk 1:13:59]} 12. f4 {[%clk 1:09:51]} O-O-O {[%clk 1:00:16]} 13. fxe5
{[%clk 1:02:19]} g5 {[%clk 1:00:40]} 14. Qe1 {[%clk 0:54:18]} f4 {[%clk 0:58:23]}
15. Kh1 {[%clk 0:48:45]} h5 {[%clk 0:54:34]} 16. Ng1 {[%clk 0:39:09]} h4
{[%clk 0:48:45]} 17. h3 {[%clk 0:39:05]} Kb8 {[%clk 0:46:53]} 18. Bxe6
{[%clk 0:33:32]} Qxe6 {[%clk 0:47:22]} 19. Qe4 {[%clk 0:33:31]} Qxe5
{[%clk 0:41:07]} 20. Qxe5 {[%clk 0:33:00]} Nxe5 {[%clk 0:41:22]} 21. Nf3
{[%clk 0:32:18]} Nxf3 {[%clk 0:38:19]} 22. gxf3 {[%clk 0:32:36]} Bf6
{[%clk 0:37:38]} 23. Bd2 {[%clk 0:32:52]} c5 {[%clk 0:37:12]} 24. Rfe1
{[%clk 0:32:15]} c4 {[%clk 0:34:23]} 25. d4 {[%clk 0:31:46]} Kc7 {[%clk 0:34:29]}
26. Rab1 {[%clk 0:29:33]} Rd6 {[%clk 0:34:36]} 27. Rb4 {[%clk 0:28:46]} Rc6
{[%clk 0:34:46]} 28. Re4 {[%clk 0:26:15]} Rd8 {[%clk 0:34:39]} 29. Rb5
{[%clk 0:24:30]} Rdd6 {[%clk 0:31:10]} 30. Kg2 {[%clk 0:18:21]} Ra6
{[%clk 0:30:25]} 31. d5 {[%clk 0:16:29]} Ra4 {[%clk 0:26:46]} 32. Rc5+
{[%clk 0:13:43]} Kd7 {[%clk 0:27:05]} 33. Kf1 {[%clk 0:12:58]} Rxa2
{[%clk 0:26:01]} 34. Rexc4 {[%clk 0:12:59]} Bd8 {[%clk 0:26:25]} 35. Rb5
{[%clk 0:10:36]} Rb6 {[%clk 0:24:46]} 36. Rxb6 {[%clk 0:10:24]} Bxb6
{[%clk 0:24:45]} 37. Ke2 {[%clk 0:09:59]} Rxc2 {[%clk 0:22:13]} 38. Kd3
{[%clk 0:10:26]} Ra2 {[%clk 0:22:29]} 39. Re4 {[%clk 0:10:49]} Ra1
{[%clk 0:22:03]} 40. Re5 {[%clk 0:07:34]} Rg1 {[%clk 0:20:53]} 41. Rf5
{[%clk 0:07:24]} Ke7 {[%clk 0:19:12]} 42. Re5+ {[%clk 0:06:20]} Kd6
{[%clk 0:19:07]} 43. Rf5 {[%clk 0:06:42]} Rg3 {[%clk 0:17:23]} 44. Ke4
{[%clk 0:05:50]} Rg2 {[%clk 0:17:47]} 45. Kd3 {[%clk 0:06:00]} Ke7
{[%clk 0:15:13]} 46. c4 {[%clk 0:05:47]} Bc5 {[%clk 0:15:02]} 47. Re5+
{[%clk 0:04:38]} Kd7 {[%clk 0:14:35]} 48. Rf5 {[%clk 0:04:57]} Be7
{[%clk 0:14:11]} 49. Rf7 {[%clk 0:04:46]} Ke8 {[%clk 0:14:35]} 50. Rh7
{[%clk 0:04:56]} Rf2 {[%clk 0:14:48]} 51. d6 {[%clk 0:04:08]} Bxd6
{[%clk 0:15:00]} 52. Rxb7 {[%clk 0:04:34]} Rxf3+ {[%clk 0:14:30]} 53. Kd4
{[%clk 0:04:29]} Rxh3 {[%clk 0:13:51]} 54. c5 {[%clk 0:04:03]} Bxc5+
{[%clk 0:13:53]} 55. Kxc5 {[%clk 0:04:31]} Rd3 {[%clk 0:14:16]} 56. Bb4
{[%clk 0:04:18]} Rd7 {[%clk 0:14:31]} 57. Rb8+ {[%clk 0:04:22]} Kf7
{[%clk 0:14:57]} 58. Kc6 {[%clk 0:04:27]} Rd1 {[%clk 0:15:04]} 59. Rh8
{[%clk 0:04:10]} Kg7 {[%clk 0:14:18]} 60. Ra8 {[%clk 0:03:35]} h3
{[%clk 0:13:22]} 61. Rxa7+ {[%clk 0:03:46]} Kg6 {[%clk 0:13:41]} 62. Ra2
{[%clk 0:04:02]} g4 {[%clk 0:13:37]} 63. Bd6 {[%clk 0:04:11]} Rf1
{[%clk 0:08:53]} 64. Kd5 {[%clk 0:03:30]} g3 {[%clk 0:08:56]} 65. Ra6
{[%clk 0:03:03]} Kf5 {[%clk 0:08:59]} 0-1

[Event "O pohar mesta Ricany 2016"]
[Site "Kulturni centrum Labut, 17. Listopadu 214 25101 Ricany"]
[Date "2016.08.31"]
[Round "6.2"]
[White "Vojta, Tomas"]
[Black "Bures, Jaroslav"]
[Result "1/2-1/2"]
[WhiteElo "2384"]
[BlackElo "2376"]
[PlyCount "0"]
[EventDate "2016.08.31"]

1. e4 {[%clk 1:30:51]} c6 {[%clk 1:30:57]} 2. d4 {[%clk 1:30:59]} d5
{[%clk 1:31:23]} 3. exd5 {[%clk 1:30:49]} cxd5 {[%clk 1:31:48]} 4. Bd3
{[%clk 1:30:48]} Nc6 {[%clk 1:32:13]} 5. c3 {[%clk 1:30:56]} Qc7 {[%clk 1:32:32]}
6. h3 {[%clk 1:28:25]} Nf6 {[%clk 1:32:43]} 7. Nf3 {[%clk 1:22:37]} g6
{[%clk 1:33:09]} 8. O-O {[%clk 1:20:47]} Bf5 {[%clk 1:33:05]} 9. Re1
{[%clk 1:19:43]} e6 {[%clk 1:23:04]} 10. Na3 {[%clk 1:07:00]} Bxd3
{[%clk 1:17:34]} 11. Qxd3 {[%clk 1:07:05]} Bxa3 {[%clk 1:12:51]} 12. bxa3
{[%clk 1:07:24]} h5 {[%clk 1:13:17]} 13. Ng5 {[%clk 0:56:02]} Ne7
{[%clk 1:08:53]} 14. Qf3 {[%clk 0:54:00]} Nf5 {[%clk 1:09:16]} 15. Bf4
{[%clk 0:52:25]} Qe7 {[%clk 1:09:42]} 16. Be5 {[%clk 0:50:41]} O-O
{[%clk 0:58:03]} 17. Rab1 {[%clk 0:35:45]} b6 {[%clk 0:52:24]} 18. Kh2
{[%clk 0:33:17]} Nd7 {[%clk 0:38:25]} 19. Bf4 {[%clk 0:32:38]} Qxa3
{[%clk 0:35:09]} 20. g4 {[%clk 0:30:27]} Ng7 {[%clk 0:35:37]} 21. Re3
{[%clk 0:28:14]} Qxa2 {[%clk 0:18:30]} 22. Rg1 {[%clk 0:27:10]} h4
{[%clk 0:11:26]} 23. Bd6 {[%clk 0:26:25]} Qc4 {[%clk 0:11:02]} 24. Bxf8
{[%clk 0:21:33]} Rxf8 {[%clk 0:11:29]} 25. Kg2 {[%clk 0:18:26]} Ne8
{[%clk 0:08:09]} 26. Rb1 {[%clk 0:16:23]} a5 {[%clk 0:06:10]} 27. Re2
{[%clk 0:16:07]} Nd6 {[%clk 0:05:25]} 28. Qe3 {[%clk 0:14:28]} Nb5
{[%clk 0:01:53]} 29. Reb2 {[%clk 0:13:21]} Nd6 {[%clk 0:01:38]} 30. Nf3
{[%clk 0:11:56]} Ne4 {[%clk 0:02:06]} 31. Nxh4 {[%clk 0:10:59]} Qxc3
{[%clk 0:02:29]} 32. Qxc3 {[%clk 0:11:04]} Nxc3 {[%clk 0:02:58]} 33. Rc1
{[%clk 0:11:21]} Ne4 {[%clk 0:03:26]} 34. Rc7 {[%clk 0:11:27]} Rd8
{[%clk 0:03:54]} 35. Nf3 {[%clk 0:11:23]} Nd6 {[%clk 0:03:30]} 36. Nd2
{[%clk 0:10:26]} b5 {[%clk 0:03:59]} 37. Ra7 {[%clk 0:08:44]} a4 {[%clk 0:04:24]}
38. Ra6 {[%clk 0:08:34]} Nf6 {[%clk 0:04:33]} 39. Nb1 {[%clk 0:07:56]} Kf8
{[%clk 0:03:01]} 40. Na3 {[%clk 0:07:09]} Nfe4 {[%clk 0:02:57]} 41. f3
{[%clk 0:04:48]} Nc3 {[%clk 0:03:22]} 42. Rc6 {[%clk 0:02:37]} Nc4
{[%clk 0:03:45]} 43. Rb4 {[%clk 0:01:27]} Ra8 {[%clk 0:02:10]} 44. Nc2
{[%clk 0:00:37]} a3 {[%clk 0:00:54]} 45. Rb3 {[%clk 0:00:53]} b4 {[%clk 0:00:32]}
46. Rxb4 {[%clk 0:00:57]} a2 {[%clk 0:00:57]} 47. Na1 {[%clk 0:01:06]} Ne2
{[%clk 0:01:08]} 48. Rc7 {[%clk 0:00:45]} Nxd4 {[%clk 0:01:16]} 49. Rbb7
{[%clk 0:01:01]} Nd6 {[%clk 0:01:26]} 50. Ra7 {[%clk 0:01:18]} Rb8
{[%clk 0:01:15]} 51. Rxa2 {[%clk 0:01:40]} Rb1 {[%clk 0:01:14]} 52. Nc2
{[%clk 0:01:10]} Rc1 {[%clk 0:00:59]} 53. Rd7 {[%clk 0:00:55]} Nxc2
{[%clk 0:01:13]} 54. Rxd6 {[%clk 0:01:15]} Ne1+ {[%clk 0:01:16]} 55. Kf2
{[%clk 0:01:18]} Nd3+ 56. Ke3 {[%clk 0:01:15]} Ne5 {[%clk 0:02:09]} 57. Kf4
{[%clk 0:01:07]} Ke7 {[%clk 0:02:20]} 58. Rb6 {[%clk 0:01:09]} Rc4+
{[%clk 0:02:49]} 59. Kg3 {[%clk 0:01:03]} Rc3 {[%clk 0:03:17]} 60. Rf2
{[%clk 0:00:40]} g5 {[%clk 0:03:46]} 61. Kg2 Nd3 {[%clk 0:03:37]} 62. Ra2
{[%clk 0:00:41]} Ne1+ {[%clk 0:03:40]} 63. Kf1 {[%clk 0:00:34]} Nxf3
{[%clk 0:04:04]} 64. Rb7+ {[%clk 0:00:57]} Kf6 {[%clk 0:03:49]} 65. Kg2
{[%clk 0:00:58]} Nh4+ {[%clk 0:03:40]} 66. Kh2 {[%clk 0:01:04]} Rf3
{[%clk 0:03:35]} 67. Raa7 {[%clk 0:01:00]} Kg6 {[%clk 0:03:50]} 68. Re7
{[%clk 0:01:07]} Rf4 {[%clk 0:03:39]} 69. Re8 {[%clk 0:00:58]} Rf2+
{[%clk 0:03:14]} 70. Kg1 {[%clk 0:01:21]} Rf4 {[%clk 0:02:43]} 71. Kh2
{[%clk 0:01:36]} Nf3+ {[%clk 0:02:09]} 72. Kg3 {[%clk 0:01:39]} Ne5
{[%clk 0:02:34]} 73. Ra3 {[%clk 0:01:22]} Re4 {[%clk 0:02:14]} 74. Rd8
{[%clk 0:01:22]} Re2 {[%clk 0:01:42]} 75. Rb3 {[%clk 0:01:23]} Kf6
{[%clk 0:01:55]} 76. Rb7 {[%clk 0:01:06]} Re3+ {[%clk 0:01:49]} 77. Kg2
{[%clk 0:01:25]} Re4 {[%clk 0:01:07]} 78. Kg3 {[%clk 0:01:47]} d4
{[%clk 0:01:23]} 79. Rb3 {[%clk 0:00:37]} d3 {[%clk 0:01:41]} 80. Rbxd3
{[%clk 0:00:36]} Nxd3 {[%clk 0:02:06]} 81. Rxd3 {[%clk 0:01:03]} Kg6
{[%clk 0:00:51]} 82. Ra3 {[%clk 0:01:15]} Kg7 {[%clk 0:00:42]} 83. Rf3
{[%clk 0:01:25]} Kg6 {[%clk 0:00:46]} 84. Ra3 {[%clk 0:01:51]} f5
{[%clk 0:00:59]} 85. gxf5+ {[%clk 0:02:10]} exf5 {[%clk 0:01:16]} 86. Ra8
{[%clk 0:01:50]} Re3+ {[%clk 0:01:09]} 87. Kg2 {[%clk 0:02:17]} f4
{[%clk 0:01:26]} 88. Rf8 {[%clk 0:01:16]} Re2+ {[%clk 0:01:05]} 89. Kg1
{[%clk 0:00:43]} Ra2 {[%clk 0:01:24]} 90. h4 {[%clk 0:00:41]} Kh5
{[%clk 0:01:18]} 91. hxg5 {[%clk 0:01:09]} Kg4 {[%clk 0:01:12]} 92. Kf1
{[%clk 0:00:31]} Kg3 {[%clk 0:00:36]} 93. g6 {[%clk 0:00:42]} f3 {[%clk 0:01:01]}
94. Ke1 {[%clk 0:00:45]} Ra1+ {[%clk 0:00:38]} 95. Kd2 {[%clk 0:01:14]} Ra7
{[%clk 0:00:49]} 96. Rf7 {[%clk 0:00:35]} Ra2+ {[%clk 0:00:32]} 97. Ke1
{[%clk 0:00:34]} Re2+ {[%clk 0:00:43]} 98. Kf1 {[%clk 0:00:55]} Rh2
{[%clk 0:00:32]} 99. Ke1 {[%clk 0:01:04]} Re2+ {[%clk 0:00:40]} 100. Kf1
{[%clk 0:01:33]} Ra2 {[%clk 0:00:50]} 101. Ke1 {[%clk 0:01:49]} Ra1+
{[%clk 0:00:41]} 102. Kd2 {[%clk 0:02:18]} Kf2 {[%clk 0:01:06]} 103. g7
{[%clk 0:01:42]} Rg1 {[%clk 0:01:34]} 104. Kd3 {[%clk 0:01:51]} Rg4
{[%clk 0:02:02]} 105. Kd2 {[%clk 0:02:05]} Rg3 {[%clk 0:00:58]} 106. Kd1
{[%clk 0:00:57]} Kg2 {[%clk 0:01:06]} 107. Kd2 {[%clk 0:00:53]} Rg4
{[%clk 0:00:36]} 108. Ke3 {[%clk 0:01:08]} Rg3 {[%clk 0:01:03]} 109. Kd2
{[%clk 0:01:10]} f2 {[%clk 0:00:50]} 110. Ke2 {[%clk 0:01:19]} Kg1
{[%clk 0:01:15]} 111. Rxf2 {[%clk 0:01:27]} Rxg7 1/2-1/2

[Event "O pohar mesta Ricany 2016"]
[Site "Kulturni centrum Labut, 17. Listopadu 214 25101 Ricany"]
[Date "2016.08.31"]
[Round "6.3"]
[White "Cerny, Martin"]
[Black "Balacek, Tadeas"]
[Result "1/2-1/2"]
[WhiteElo "2130"]
[BlackElo "2298"]
[PlyCount "0"]
[EventDate "2016.08.31"]

1. d4 {[%clk 1:28:24]} Nf6 {[%clk 1:30:52]} 2. c4 {[%clk 1:28:46]} c5
{[%clk 1:30:55]} 3. e3 {[%clk 1:29:07]} g6 {[%clk 1:30:28]} 4. Nc3
{[%clk 1:29:19]} Bg7 {[%clk 1:30:44]} 5. Nf3 {[%clk 1:29:46]} O-O
{[%clk 1:31:02]} 6. Be2 {[%clk 1:27:13]} cxd4 {[%clk 1:28:07]} 7. Nxd4
{[%clk 1:21:17]} d5 {[%clk 1:27:32]} 8. cxd5 {[%clk 1:20:34]} Nxd5
{[%clk 1:27:34]} 9. Nxd5 {[%clk 1:20:22]} Qxd5 {[%clk 1:27:59]} 10. Bf3
{[%clk 1:20:44]} Qc5 {[%clk 1:20:20]} 11. Bd2 {[%clk 1:05:53]} 1/2-1/2

[Event "O pohar mesta Ricany 2016"]
[Site "Kulturni centrum Labut, 17. Listopadu 214 25101 Ricany"]
[Date "2016.08.31"]
[Round "6.4"]
[White "Svatos, Jan"]
[Black "Rut, Vojtech"]
[Result "1/2-1/2"]
[WhiteElo "2293"]
[BlackElo "2135"]
[PlyCount "0"]
[EventDate "2016.08.31"]

1. e4 c6 2. d4 d5 3. Nd2 dxe4 4. Nxe4 Bf5 5. Ng3 Bg6 6. h4 h6 7. Nf3 Nd7 8. h5
Bh7 9. Bd3 Bxd3 10. Qxd3 Ngf6 11. Bd2 e6 12. O-O-O Be7 13. Kb1 O-O 14. Ne4 Nxe4
15. Qxe4 Nf6 16. Qe2 Qd5 17. Ne5 Qe4 18. Qxe4 Nxe4 19. Be1 Rfd8 20. f3 Nf6 21. c4
Rac8 22. g4 Nd7 23. Ba5 b6 24. Bc3 Nxe5 25. dxe5 Bg5 26. Kc2 Bf4 27. Rxd8+ Rxd8
28. Rd1 Rxd1 29. Kxd1 Kf8 30. Kc2 Ke8 31. Kd3 Kd7 32. Ke4 Bc1 33. a4 a6 34. b3
Ba3 35. Bd2 b5 36. cxb5 cxb5 37. axb5 axb5 38. f4 Bf8 39. Be3 g6 40. f5 exf5+ 41.
gxf5 gxh5 42. Kd5 h4 43. e6+ fxe6+ 44. fxe6+ Ke7 45. Bf2 h3 46. Bh4+ Ke8 47. Bg3
Ke7 48. Bh4+ Ke8 49. Bg3 Bb4 50. Ke5 Be1 51. Bh2 Ke7 52. Kd5 h5 53. Bd6+ Ke8 54.
Ke4 h4 55. Kf3 Bg3 56. Bc5 Bc7 57. Bb4 Bd8 58. Bd6 Be7 1/2-1/2

[Event "O pohar mesta Ricany 2016"]
[Site "Kulturni centrum Labut, 17. Listopadu 214 25101 Ricany"]
[Date "2016.08.31"]
[Round "6.5"]
[White "Hanl, Frantisek"]
[Black "Soural, Jan"]
[Result "1-0"]
[WhiteElo "2116"]
[BlackElo "2222"]
[PlyCount "0"]
[EventDate "2016.08.31"]

1. e4 c5 2. Nf3 e6 3. d4 cxd4 4. Nxd4 Nc6 5. Nc3 a6 6. Be3 Nf6 7. Be2 d6 8. O-O
Be7 9. f4 O-O 10. Kh1 Bd7 11. Bd3 Nb4 12. e5 dxe5 13. fxe5 Nfd5 14. Nxd5 exd5 15.
Bf5 Nc6 16. e6 Nxd4 17. Bxh7+ 1-0

[Event "O pohar mesta Ricany 2016"]
[Site "Kulturni centrum Labut, 17. Listopadu 214 25101 Ricany"]
[Date "2016.08.31"]
[Round "6.6"]
[White "Starek, Stanislav"]
[Black "Skalicky, Tomas"]
[Result "0-1"]
[WhiteElo "2172"]
[BlackElo "2110"]
[PlyCount "0"]
[EventDate "2016.08.31"]

1. d4 d5 2. Nf3 Nf6 3. c4 c6 4. Nc3 dxc4 5. a4 Bg4 6. Ne5 Bh5 7. g3 e6 8. Bg2
Nbd7 9. Nxc4 Bb4 10. O-O Nb6 11. Ne5 a5 12. Bg5 O-O 13. Qd3 Be7 14. h3 Nfd5 15.
Bxe7 Qxe7 {[%clk 0:59:24]} 16. Be4 {[%clk 0:46:47]} Bg6 {[%clk 0:51:34]} 17. Nxg6
{[%clk 0:43:52]} hxg6 {[%clk 0:50:05]} 18. h4 {[%clk 0:43:14]} Nb4
{[%clk 0:47:08]} 19. Qb1 {[%clk 0:38:41]} Rad8 {[%clk 0:41:22]} 20. Rd1
{[%clk 0:37:45]} e5 {[%clk 0:41:01]} 21. dxe5 {[%clk 0:33:12]} Qxe5
{[%clk 0:40:58]} 22. Bf3 {[%clk 0:31:11]} Nc4 {[%clk 0:39:11]} 23. Qe4
{[%clk 0:30:41]} Qxe4 {[%clk 0:37:43]} 24. Nxe4 {[%clk 0:30:49]} Nxb2
{[%clk 0:33:22]} 25. Rdc1 {[%clk 0:29:16]} Rd4 {[%clk 0:33:46]} 26. Nc5
{[%clk 0:29:17]} b6 {[%clk 0:33:42]} 27. Nb3 {[%clk 0:26:15]} Rd6
{[%clk 0:33:09]} 28. Rab1 {[%clk 0:21:34]} Nxa4 29. Ra1 Nb2 {[%clk 0:32:22]} 30.
Rab1 {[%clk 0:22:24]} a4 {[%clk 0:31:59]} 31. Rxb2 {[%clk 0:22:25]} axb3
{[%clk 0:32:12]} 32. Rxb3 {[%clk 0:22:53]} c5 {[%clk 0:32:17]} 33. Kg2
{[%clk 0:22:34]} Rfd8 {[%clk 0:31:14]} 34. e3 {[%clk 0:21:53]} Rd2
{[%clk 0:30:20]} 35. Be4 {[%clk 0:22:16]} Ra2 {[%clk 0:30:19]} 36. Bb1
{[%clk 0:22:04]} Re2 {[%clk 0:28:48]} 37. h5 {[%clk 0:21:11]} gxh5
{[%clk 0:28:48]} 38. Kf3 {[%clk 0:21:40]} Rdd2 {[%clk 0:29:04]} 39. Rxb4
{[%clk 0:21:50]} Rxf2+ {[%clk 0:29:16]} 40. Ke4 {[%clk 0:22:19]} cxb4
{[%clk 0:29:13]} 41. Ke5 {[%clk 0:22:11]} g6 {[%clk 0:29:30]} 0-1